| 000 | 00984nam a2200241 a 4500 | ||
|---|---|---|---|
| 001 | 000005815 | ||
| 005 | 20251217124533.0 | ||
| 008 | 090824s2001 dr 000 0 spa d | ||
| 040 |
_aDO-SdBNP _bspa _cBNPHU |
||
| 082 |
_a323.7293 _bR788r |
||
| 100 | 1 |
_aRosa, Juan de la, _d1972- _916437 |
|
| 245 | 1 | 3 |
_aEl recurso de amparo : _bestudio comparativo su aplicación en la República Dominicana. / _cJuan de la Rosa ; prólogo Miguel Guirado Vásquez. |
| 260 |
_aSanto Domingo : _bLibrería y papeleria La Filantropica, _c2001. |
||
| 300 |
_a274 p. ; _c22 cm. |
||
| 500 | _aIncluye índice | ||
| 504 | _aIncluye referencias bibliográficas y notas al pie de las páginas. | ||
| 504 | _aIncluye bibliografías (p. 271-273) | ||
| 650 | 4 |
_aDerecho civil _xLegislacion _zRepública Dominicana _96943 |
|
| 650 | 0 |
_aJuicio de amparo _916438 |
|
| 650 | 0 |
_aProcedimiento civil _913926 |
|
| 650 | 4 |
_aDerecho comparado _xEstudio de casos _916439 |
|
| 700 | 1 |
_aGuirado Vásquez, Miguel, _epról. _916440 |
|
| 999 |
_c5611 _d5611 |
||